<?xml version="1.0" encoding="UTF-8"?>
<marc:record xmlns:marc="http://www.loc.gov/MARC21/slim">
   <marc:leader>00000nam a2200000 a 4500</marc:leader>
   <marc:datafield ind1="1" ind2=" " tag="100">
      <marc:subfield code="a">Hoffmann, Hilmar</marc:subfield>
      <marc:subfield code="4">aut</marc:subfield>
      <marc:subfield code="e">Verfasser/-in</marc:subfield>
   </marc:datafield>
   <marc:datafield ind1=" " ind2=" " tag="653">
      <marc:subfield code="a">Kulturpolitik</marc:subfield>
   </marc:datafield>
   <marc:datafield ind1=" " ind2=" " tag="653">
      <marc:subfield code="a">Geschichte</marc:subfield>
   </marc:datafield>
   <marc:datafield ind1=" " ind2=" " tag="653">
      <marc:subfield code="a">Museum</marc:subfield>
   </marc:datafield>
   <marc:datafield ind1=" " ind2=" " tag="653">
      <marc:subfield code="a">Kunst</marc:subfield>
   </marc:datafield>
   <marc:datafield ind1=" " ind2=" " tag="653">
      <marc:subfield code="a">Frankfurt</marc:subfield>
   </marc:datafield>
   <marc:datafield ind1=" " ind2=" " tag="653">
      <marc:subfield code="a">Bibliothek</marc:subfield>
   </marc:datafield>
   <marc:datafield ind1="0" ind2="0" tag="245">
      <marc:subfield code="a">Kultur als Lebensform</marc:subfield>
   </marc:datafield>
   <marc:datafield ind1="0" ind2="0" tag="245">
      <marc:subfield code="b">Aufsätze zur Kulturpolitik</marc:subfield>
   </marc:datafield>
   <marc:datafield ind1=" " ind2="1" tag="264">
      <marc:subfield code="a">Frankfurt/M.</marc:subfield>
      <marc:subfield code="b">Fischer</marc:subfield>
      <marc:subfield code="c">1990</marc:subfield>
   </marc:datafield>
   <marc:datafield ind1="1" ind2=" " tag="520">
      <marc:subfield code="a">PZ 4/90*507 Zum 65. Geburtstag des jüngst in den Ruhestand getretenen Frankfurter Kulturdezernenten Hilmar Hoffmann erschien dieser Band, der nach "Kultur für alle" (1979) und "Kultur für morgen" (1985) als dritter Teil einer kulturpolitischen Trilogie verstanden werden kann. Der Band vereint 16 Beiträge und ordnet sie in überarbeiteter und aktualisierter Form zu drei Gruppen.  Im Bereich "Kultur und Gesellschaft" sticht v.a. ein geschichtlicher Überblick über die Kultur der BRD 1949 bis 1989 hervor. Ein zweiter Abschnitt enthält u.a. eine Analyse der kulturpolitischen Programmatik von CDU und SPD, Gedanken über die Rolle von Kultur angesichts hoher Arbeitslosigkeit und ein Plädoyer für ein bewußtes Eingreifen der Chancen einer multikulturellen Gesellschaft für das werdende Europa. Im dritten Teil schließlich geht es um markante Einzelfragen wie der Historikerstreit um die Einzigartigkeit der NS-Verbrechen und Diskussionen um die Freiheit der Kunst u.a</marc:subfield>
   </marc:datafield>
   <marc:datafield ind1="0" ind2=" " tag="490">
      <marc:subfield code="v">0</marc:subfield>
   </marc:datafield>
   <marc:datafield ind1=" " ind2=" " tag="300">
      <marc:subfield code="a">282 S.</marc:subfield>
   </marc:datafield>
</marc:record>
